| 000 | 01549cam a22002414a 4500 | ||
|---|---|---|---|
| 005 | 20250605164233.0 | ||
| 008 | 250528s ||||||||||||||||||||||||d | ||
| 035 | _a21020 | ||
| 020 | _a9780340986035 | ||
| 040 |
_aGR-AtMCL _bgre _dGR-AtMCL _eAACR2 |
||
| 245 | 1 | _aSimpson's Forensic Medicine / Thirteenth Edition | |
| 250 | _a13th | ||
| 260 |
_bCrc Press, _c2011 |
||
| 300 | _a256 | ||
| 520 | _aThis book presents all about the interface between medicine and the law, including forensic toxicology, forensic science, forensic odontology, forensic anthropology and both the legal obligations and ethical responsibilities of those working in forensics settings. Forward, Preface, Principles of Forensic Practice, The Ethics of Medical Practice, The Medical Aspects of Death, Identification of the Living and the Dead, The Appearance of the Body After Death, Unexpected and Sudden Death from Natural Causes, Deaths and Injury in Infancy, Assessment and Classification and Documentation of Injury, Regional Injuries, Use of Force and Restraint, Sexual Assault, Child Assault and Protection, Transportation Medicine, Asphyxia, Immersion and Drawing, Heat and Cold and Electrical Trauma, Principles of Toxicology, Alcohol, Licit and Illicit Drugs, Medicinal Poisons, Principles of Forensic Science, Allied Forensic Specialties, Appendices, Index. | ||
| 700 | 1 |
_aJones Richard _97041 |
|
| 700 | 1 |
_aKarch Steven B _97042 |
|
| 700 | 1 |
_aManlove John _97043 |
|
| 700 | 1 |
_aPayne-James Jason _97044 |
|
| 942 | _cBK | ||
| 999 |
_c6094 _d6094 |
||